NCAA College Basketball Winners - Statistics

General Stats
  • This quiz has been taken 93 times
  • The average score is 52 of 85
Answer Stats
Hint Answer % Correct
1991 Duke
91%
1992 Duke
91%
2001 Duke
91%
2010 Duke
91%
2015 Duke
91%
1999 UConn
90%
2004 UConn
90%
2011 UConn
90%
2014 UConn
90%
2023 UConn
90%
2024 UConn
90%
1957 North Carolina
85%
1982 North Carolina
85%
1993 North Carolina
85%
2005 North Carolina
85%
2009 North Carolina
85%
2017 North Carolina
85%
1952 Kansas
78%
1988 Kansas
78%
2008 Kansas
78%
2022 Kansas
78%
1948 Kentucky
78%
1949 Kentucky
78%
1951 Kentucky
78%
1958 Kentucky
78%
1978 Kentucky
78%
1996 Kentucky
78%
1998 Kentucky
78%
2012 Kentucky
78%
2021 Baylor
76%
2006 Florida
76%
2007 Florida
76%
1989 Michigan
73%
1964 UCLA
72%
1965 UCLA
72%
1967 UCLA
72%
1968 UCLA
72%
1969 UCLA
72%
1970 UCLA
72%
1971 UCLA
72%
1972 UCLA
72%
1973 UCLA
72%
1975 UCLA
72%
1995 UCLA
72%
1979 Michigan State
66%
2000 Michigan State
66%
2019 Virginia
63%
1940 Indiana
58%
1953 Indiana
58%
1976 Indiana
58%
1981 Indiana
58%
1987 Indiana
58%
1939 Oregon
58%
1997 Arizona
54%
1980 Louisville
51%
1986 Louisville
51%
2013 Louisville
51%
1974 NC State
51%
1983 NC State
51%
1960 Ohio State
51%
2003 Syracuse
49%
1984 Georgetown
46%
1994 Arkansas
44%
2002 Maryland
43%
1990 UNLV
42%
1941 Wisconsin
42%
1955 San Francisco
38%
1956 San Francisco
38%
1977 Marquette
35%
1950 CCNY
30%
1961 Cincinnati
28%
1962 Cincinnati
28%
1944 Utah
28%
1985 Villinova
28%
2016 Villinova
28%
2018 Villinova
28%
1942 Stanford
27%
1959 California
25%
1943 Wyoming
25%
1954 La Salle
24%
1947 Holy Cross
20%
1966 Texas Western
20%
1963 Loyola Chicago
18%
1945 Oklahoma A&M
15%
1946 Oklahoma A&M
15%
No matching quizzes found
Score Distribution
Percent of People with Each Score
Percentile by Number Answered
Your Score History
You have not taken this quiz